Informe final

保存先:
書誌詳細
団体著者: Costa Rica. Ministerio de Educación Pública
フォーマット: テキスト
出版事項: San José: MEP
タグ: タグ追加
タグなし, このレコードへの初めてのタグを付けませんか!

MARC

LEADER 00000 a a2200000 04500
001 21532
003
040
090 |a 095300  
110 |a Costa Rica. Ministerio de Educación Pública  
245 |a Informe final  
260 |a San José:   |b MEP  
300 |a 14 p.  
999 |c 13692  |d 13692